| 000 | 01268cam a2200313 a 4500 | ||
|---|---|---|---|
| 001 | 2383 | ||
| 005 | 20240126095518.0 | ||
| 020 | _a9781434215604 (lib. bdg.) | ||
| 020 | _a9780545235099 | ||
| 020 | _a9781434217271 (pbk.) | ||
| 040 |
_aDLC _cDLC _dDLC _beng |
||
| 050 | 0 | 0 |
_aPZ7.L5374 _bPu 2010 |
| 082 | 0 | 0 |
_a741.5941 _222 |
| 100 | 1 | _aLemke, Donald B. | |
| 245 | 1 | 4 |
_aThe puppet master's revenge / _cwritten by Donald Lemke ; illustrated by Rick Burchett and Lee Loughridge. |
| 260 |
_aMinneapolis : _bStone Arch Books, _c2013. |
||
| 300 |
_a49 pages : _bcolor illustrations _c20 cm |
||
| 490 | 0 | _aDC super heroes. Batman | |
| 500 | _a"Batman created by Bob Kane." | ||
| 505 | _aR | ||
| 520 | _a"The evil puppet Scarface and his wiseguys just pulled off one of the biggest heists in Gotham history. But there's a rat among the thieves, and the loose lips are helping Batman crack the case. Has the Ventriloquist betrayed his wooden creation to the Dark Knight"--Unedited summary from book. | ||
| 521 | 1 |
_a670
_bLexile |
|
| 521 | 0 |
_aR
_bRaz-Plus |
|
| 650 | 1 |
_aSuperheroes _vFiction. |
|
| 700 | 1 |
_aBurchett, Rick _eillustrator |
|
| 700 | 1 |
_aLoughridge, Lee, _eillustrator |
|
| 906 |
_a7 _bcbc _corignew _d1 _eecip _f20 _gy-gencatlg |
||
| 942 |
_2ddc _cBK _n0 |
||
| 999 |
_c2383 _d2383 |
||